Statistics for Australia A-Z

Click here to take the quiz!

General Stats

  • This quiz has been taken 26,695 times
  • The average score is 17 of 25

Answer Stats

ClueAnswer% Correct
CCapital cityCanberra
95%
KNational animal #2Kangaroo
94%
DWild dogDingo
92%
QBrisbane's stateQueensland
92%
TSport played at the Australian OpenTennis
91%
ANative inhabitantsAboriginals
89%
ENational animal #1Emu
89%
Z14% of the world's supply of this
metal comes from Australia
Zinc
84%
VSecond most populous stateVictoria
83%
OThe inland regions of AustraliaOutback
82%
JWord for a young KJoey
78%
UType of sheepskin bootsUgg
76%
ICrocodile Hunter's last nameIrwin
75%
PAustralia was originally this type of colonyPenal
72%
MWaltzing _______Matilda
71%
HCapital of TasmaniaHobart
68%
YMass-produced wine brand:
______ Tail
Yellow
63%
WTunnel-dwelling marsupialWombat
62%
NAustralia's most famous soap operaNeighbours
56%
RInvasive animalRabbit
52%
LAlternative to a flat white:
____ Black
Long
48%
F1788 arrival: The First _____Fleet
41%
GNational flower: ______ WattleGolden
32%
BLake formed when a river
changes course
Billabong
31%
SAustralian term for a ranchStation
27%

Score Distribution

Percentile by Number Answered

Percent of People with Each Score

Your Score History

You have not taken this quiz